Phương trình hàm Pompeiu và Hosszú

Tìm hiểu lịch sử phát triển của phương trình hàm, đồng thời nghiên cứu hai loại phương trình hàm Pompeiu và Hosszú, khảo sát nghiệm của chúng.

Na minha lista:
Detalhes bibliográficos
Autor principal: Nguyễn Thị Kim Thoa
Outros Autores: Cao Văn Nuôi TS. (Hướng dẫn)
Formato: Livro
Idioma:Vietnamese
Publicado em: Đà Nẵng Đại học Đà Nẵng 2015
Assuntos:
Tags: Adicionar Tag
Sem tags, seja o primeiro a adicionar uma tag!
Thư viện lưu trữ: Mạng thư viện Đại học Đà Nẵng
LEADER 01598nam a2200349 4500
001 000023310
003 19760
005 20151201151240.0
008 150915s2015 viesd
041 |a vie 
082 1 4 |a 515.25  |b NG-T 
100 1 |a Nguyễn Thị Kim Thoa 
245 1 |a Phương trình hàm Pompeiu và Hosszú  |c Nguyễn Thị Kim Thoa ; Cao Văn Nuôi hướng dẫn.  |k Luận văn Thạc sĩ 
260 |a Đà Nẵng  |b Đại học Đà Nẵng  |c 2015 
300 |a 76 tr., phụ lục 3 tr.  |c 29 cm.  |e Tóm tắt 
500 |a Luận văn thạc sĩ Khoa học. Chuyên ngành: Phương pháp toán sơ cấp. Mã số: 60.46.01.13 
520 3 |a Tìm hiểu lịch sử phát triển của phương trình hàm, đồng thời nghiên cứu hai loại phương trình hàm Pompeiu và Hosszú, khảo sát nghiệm của chúng. 
650 0 4 |a Phương trình hàm (toán học)  |v Luận văn tốt nghiệp  |x Nghiên cứu 
653 |a Phương trình hàm Hoszú 
653 |a Phương pháp toán sơ cấp 
653 |a Phương trình hàm Pompeiu 
700 1 |a Cao Văn Nuôi  |c TS.  |e Hướng dẫn 
OWN |a LSP 
AVA |a UDN50  |b LSP  |d 515.25 NG-T  |e available  |t Error 5001 Not defined in file expand_doc_bib_avail.  |f 1  |g 0  |h N  |i 0  |k 1 
999 |a From the UDN01 
AVA |a UDN50  |b LSP  |d 515.25 NG-T  |e available  |t Error 5001 Not defined in file expand_doc_bib_avail.  |f 1  |g 0  |h N  |i 0  |k 1 
TYP |a Monograph 
TYP |a Printed language 
980 |a Mạng thư viện Đại học Đà Nẵng